| 000 | 01624nam0a2200385 4500 | ||
|---|---|---|---|
| 001 | RU\NLR\BIBL_A\021990433 | ||
| 005 | 20230802141209.0 | ||
| 010 |
_a978-5-6043770-6-2 _91000 |
||
| 021 |
_aRU _bКН-П-23-039652 _9КН-П-23-3953 |
||
| 035 | _a(NLR Aleph) 021990433 | ||
| 090 |
_a12425788 _c12425788 |
||
| 100 | _a20230728d2023 k y0rusy50 ca | ||
| 101 | 0 | _arus | |
| 102 | _aRU | ||
| 105 | _aa|||z|||001zy | ||
| 181 | 0 |
_ai _baxxe |
|
| 182 | 0 | _an | |
| 200 | 1 |
_aУльтразвуковое исследование в урологии и нефрологии _eмонография _fС. В. Капустин, Р. Оуен, С. И. Пиманов |
|
| 203 |
_aТекст _bвизуальный _cнепосредственный |
||
| 205 | _a4-е изд., стер. | ||
| 210 |
_aМосква _cУмный доктор _d2023 |
||
| 215 |
_a175 с. _cил., табл. _d25 |
||
| 320 | _aБиблиогр. в конце гл. | ||
| 320 | _aАлф. указ.: 173-175 | ||
| 606 | 1 |
_aУльтразвуковая диагностика _xПрименение в урологии _2nlr_sh2 _3RU\NLR\AUTH\661542855 |
|
| 606 | 1 |
_aУльтразвуковая диагностика _xПрименение в нефрологии _2nlr_sh2 _3RU\NLR\AUTH\6601609533 |
|
| 686 | 1 | _aР414-433.9 | |
| 686 | 1 | _aР69-433.9 | |
| 700 | 1 |
_aКапустин _bС. В. _gСергей Васильевич |
|
| 701 | 1 |
_aОуен _bР. _gРаймонд |
|
| 701 | 1 |
_aПиманов _bС. И. _gСергей Иванович |
|
| 942 | _cBOOK | ||
| 980 | _aNB | ||